Culture Générale - Série 1258 - Statistiques

Statistiques générales
  • Ce quiz a été pris 95 fois
  • Le résultat moyen est 4 sur 10
Statistiques - réponses
Question Réponse % Correct
Combien de chiffres comporte le numéro qui figure au recto de votre carte bancaire ? 16
70%
Comme l'indique l'étymologie du mot, une "bouverie" est une étable à... boeufs
53%
A quel pays d'Asie du Sud-Est appartient l'île de Sulawesi, également appelée Célèbes ? Indonésie
51%
Quel était le surnom du roi de France , Louis X ? Le Hutin
51%
Quel architecte américain, d'origine chinoise, a conçu la Pyramide du Louvre ? Pei
45%
Quel est le nom de scéne de la chanteuse Hélène Aurou Alice Rizzo ? Hélène Segara
31%
Dans les années 1960, quel acteur incarne "Thierry la Fronde" dans la série télévisée du même nom ? Jean-Claude Drouot
30%
Depuis 1956, quelle est la devise des États-Unis d'Amérique ? In God We Trust
29%
Quel nom porte le stade de football où évoluent les joueurs du Valenciennes FC ? stade du Hainaut
8%
En 1989, quel couturier italien devient directeur artistique chez Christian Dior ? Gianfranco Ferré
0%
Aucun quiz correspondant
Distribution des résultats
% des personnes avec chaque résultat
Percentile par nombre de réponses
Votre historique - résultats
Vous n’avez pas pris ce quiz